Đánh giá rủi ro các công trình trên biển

Trong bối cảnh hội nhập của nền kinh tế, các hoạt động hàng hải và dầu khí trên biển nước ta ngày càng nhộn nhịp, với ngày càng nhiều kĩ thuật đồ sộ hiện đại. Quản lí an toàn các công trình đó trên cơ sở đánh giá rủi ro trở thành mộ...

Full description

Saved in:
Bibliographic Details
Main Author: Phan, Văn Khôi
Format: Book
Language:Undetermined
Published: Hà Nội Khoa học và Kỹ thuật 2009
Subjects:
Tags: Add Tag
No Tags, Be the first to tag this record!
Institutions: Trung tâm Học liệu Trường Đại học Cần Thơ
LEADER 01223nam a2200217Ia 4500
001 CTU_161960
008 210402s9999 xx 000 0 und d
020 |c 84000 
082 |a 622.33819 
082 |b Kh452 
100 |a Phan, Văn Khôi 
245 0 |a Đánh giá rủi ro các công trình trên biển 
245 0 |c Phan Văn Khôi 
260 |a Hà Nội 
260 |b Khoa học và Kỹ thuật 
260 |c 2009 
520 |a Trong bối cảnh hội nhập của nền kinh tế, các hoạt động hàng hải và dầu khí trên biển nước ta ngày càng nhộn nhịp, với ngày càng nhiều kĩ thuật đồ sộ hiện đại. Quản lí an toàn các công trình đó trên cơ sở đánh giá rủi ro trở thành một yêu cầu đặt ra trước mắt, nhằm đảm bảo cho chúng không gây mất an toàn cho người, môi trường và tài sản. 
650 |a Khoan giếng dầu ngoài khơi,Offshore oil well drilling 
650 |x Biện pháp an toàn,Safety measures 
904 |i Thoa, Hải 
980 |a Trung tâm Học liệu Trường Đại học Cần Thơ